| 000 | 01065nas a2200313 4500 | ||
|---|---|---|---|
| 001 | BR2021000384 | ||
| 003 | BR-BrBNA | ||
| 005 | 20231205132151.0 | ||
| 007 | ta | ||
| 008 | 230509b bl.|||p| |||| 00| 00por d | ||
| 040 |
_aBR-BrBNA _bpor _cBiblioteca Nacional de Agricultura |
||
| 041 | _a(Pt) | ||
| 072 | _aH10 | ||
| 100 | 1 | _aGallio, E. | |
| 100 | 1 | _aMachado, S.F. | |
| 100 | 1 | _aSilva, F.J.T. da | |
| 100 | 1 | _aCruz, N.D. | |
| 100 | 1 | _aGatto, D.A. | |
| 245 | 1 | _aCaracterização de propriedades tecnológicas de quatro folhosas deterioradas por térmitas do gênero Nasutitermes | |
| 650 | _aDETERIORAÇÃO | ||
| 650 | _aCUPIM | ||
| 650 | _aNASUTITERMES SPP | ||
| 650 | _aESSÊNCIA FLORESTAL | ||
| 773 | 0 |
_tNativa. Pesquisas Agrárias e Ambientais (Brazil) _xISSN 2318-7670 _g(Dec 2018), v. 6(special number) p. 763-766 _wBR2021000384 |
|
| 856 | 4 | 0 | _uhttps://periodicoscientificos.ufmt.br/ojs/index.php/nativa/article/view/5655/5088 |
| 856 | 4 | 0 | _dLink DSPACE/MAPA BR2021000384 |
| 909 |
_a202311 _bLúcia _c55 _dLúcia Elande |
||
| 942 |
_2AGRIS _n0 _cANA |
||
| 999 |
_c258852 _d258852 |
||